kingdom of the golden dragon / (Record no. 154053)

MARC details
000 -LEADER
fixed length control field 00546nam a22001937a 4500
005 - DATE AND TIME OF LATEST TRANSACTION
control field 20180714155037.0
008 - FIXED-LENGTH DATA ELEMENTS--GENERAL INFORMATION
fixed length control field 180714b xxu||||| |||| 00| 0 eng d
010 ## - LCCN (DPL NO)
LC control number B-127938
035 ## - SYSTEM CONTROL NUMBER
System control number B-127938
037 ## - SOURCE OF ACQUISITION
Source of stock number/acquisition BPPD/PUB
040 ## - CATALOGING SOURCE
Original cataloging agency dpl
Language of cataloging English
082 ## - DEWEY DECIMAL CLASSIFICATION NUMBER
Classification number N
100 ## - MAIN ENTRY--PERSONAL NAME
Personal name Allende, Isabel
245 ## - TITLE STATEMENT
Title kingdom of the golden dragon /
Statement of responsibility, etc by Isabel Allende
260 ## - PUBLICATION, DISTRIBUTION, ETC. (IMPRINT)
Place of publication, distribution, etc New Delhi
Name of publisher, distributor, etc Harper Collins
Date of publication, distribution, etc 2004
270 ## - ADDRESS
Address 1A Hamilton house, cannaught Place
City New Delhi
Postal code 110001
300 ## - PHYSICAL DESCRIPTION
Extent 437 p.
Dimensions 15p (Hb)
942 ## - ADDED ENTRY ELEMENTS (KOHA)
Source of classification or shelving scheme Dewey Decimal Classification
Item type English Books
Classification part N
Call number suffix ALL
Holdings
Withdrawn status Lost status Source of classification or shelving scheme Damaged status Not for loan Collection code Home library Current library Date acquired Source of acquisition Total Checkouts Full call number Barcode Date last seen Koha item type
    Dewey Decimal Classification     Fiction Shahdara Branch Shahdara Branch 14/07/2018 BPPD/PUB 1 N ALL B-127938 09/08/2024 English Books

© Delhi Public Library
Hit Counter
free hit counter